|
|
|
|
| LEADER |
00000nam a2200000 a 4500 |
| 001 |
vtls001379827 |
| 003 |
SK-MaSNL |
| 005 |
20260301201509.0 |
| 008 |
160624s1999 xo 0 slo |
| 015 |
|
|
|a SNBJ1999/04-02091
|
| 035 |
|
|
|a SNK000333805
|
| 040 |
|
|
|a SNK
|b slo
|c SNK
|e AACR2
|
| 041 |
0 |
|
|a slo
|
| 044 |
|
|
|a xo
|c SK
|
| 080 |
|
|
|a 784.66:785.1(086.7)
|2 1981
|
| 245 |
1 |
|
|a Hex. Supermarket
|h zvukový dokument
|
| 260 |
|
|
|a Bratislava
|b Bonton Music Slovakia
|c 1999
|
| 300 |
|
|
|a 1 kompaktné platňa (47 min. 45 sek.)
|b stereo
|
| 500 |
|
|
|a Fotograf Bobo Boška
|
| 505 |
0 |
|
|a Obsahuje 12 piesní
|
| 511 |
|
|
|a Účinkuje hudobná skupina Hex
|
| 650 |
0 |
7 |
|a populárna hudba
|x platne kompaktné
|2 SNK
|9 283660
|
| 655 |
|
7 |
|a kompaktné platne
|2 SNK
|9 70690
|
| 700 |
1 |
|
|a Boška, Boleslav,
|d 1965-
|4 fot
|9 257932
|
| 710 |
0 |
|
|a Hex (hudobná skupina)
|4 uci
|9 30323
|
| 999 |
|
|
|c 895021
|d 896951
|
| 952 |
|
|
|t P60, <03>, [BOOK], {603}
|a SNK
|b SNK
|y PREZ
|7 0
|p 17A0222177
|o snkSCD 928
|i snkJK 562/99
|0 0
|1 0
|4 0
|d 1999-12-21
|l 0
|r 2005-01-02 00:00:00
|w 2026-02-24
|
| 952 |
|
|
|a SNK
|b SNK
|y PREZ
|7 0
|p 17A0270872
|o snkSCD 928 D1
|i snkJK 126/2001
|8 0
|0 0
|1 0
|4 0
|d 2001-02-12
|l 0
|r 2005-01-02 00:00:00
|w 2026-02-24
|